000 00704nam a2200181 a 4500
001 000040420
005 20201002034125.0
008 130823s2006 mx 000 0 spa d
020 _a970322833X
040 _aDO-SdBNP
_bspa
_cBNPHU
245 0 0 _aAntonio Martínez Báez y el control de la constitucionalidad de las leyes./.
260 _aMéxico :
_bUniversidad Nacional Autónoma de México,
_c2006.
300 _a20 p. ;
_c21 cm.
490 1 _aLecturas jurídicas
_aManuales jurídicos
_v26
504 _aIncluye referencias bibliográficas y notas al pie de las páginas
710 2 _aUniversidad Nacional Autónoma de México,
_942447
830 0 _aLecturas jurídicas
_pManuales jurídicos
_v26
_966717
999 _c39910
_d39910